[Event "Challenge"]
[Site "http://www.queenalice.com/game.php?id=395922"]
[Date "2008.4.30"]
[Round "-"]
[White "dtrainey"]
[Black "christine76"]
[Result "1-0"]
[WhiteElo "1642"]
[BlackElo "1833"]

1. c4 Nf6 2. d4 e6 3. a3 b6 4. b4 Bb7 5. Nc3 h6 6. f3 d5 7. e4 dxe4 8. d5 exd5
9. fxe4 d4 10. e5 Ne4 11. Nxe4 Bxe4 12. Nf3 Nc6 13. Be2 a6 14. Bd3 Bxd3 15. Qxd3
Qd7 16. h3 Be7 17. O-O Nd8 18. Nxd4 Ne6 19. Qf3 Qxd4+ 20. Be3 Qd8 21. Qxf7+ Kd7
22. Rfd1+ Kc8 23. Rxd8+ Nxd8 24. Qxe7 Kb7 25. Qd7 Nc6 26. Qxg7 1-0

[Event "Challenge"]
[Site "http://www.queenalice.com/game.php?id=395923"]
[Date "2008.4.30"]
[Round "-"]
[White "christine76"]
[Black "dtrainey"]
[Result "1-0"]
[WhiteElo "1803"]
[BlackElo "1666"]

1. e4 e5 2. Nf3 f6 3. d4 d5 4. dxe5 h6 5. exf6 gxf6 6. exd5 Bg4 7. Bc4 Bc5 8.
Qe2+ Ne7 9. Bf4 Bxf3 10. Qxf3 Ng6 11. Qe4+ Ne7 12. O-O f5 13. Qe5 Rh7 14. Nc3 a6
15. Rfe1 Nd7 16. Qxf5 Rf7 17. Qg6 Nf6 18. d6 cxd6 19. Qxf7+ Kd7 20. Qxf6 b5 21.
Qe6+ 1-0

[Event "Challenge"]
[Site "http://www.queenalice.com/game.php?id=396091"]
[Date "2008.4.30"]
[Round "-"]
[White "charles31"]
[Black "christine76"]
[Result "0-1"]
[WhiteElo "1642"]
[BlackElo "1851"]

1. e4 e5 2. Nf3 Nc6 3. Bb5 a6 4. Bxc6 dxc6 5. d3 h6 6. Nxe5 Be6 7. Nf3 Nf6 8. h3
Bc5 9. Bd2 Ba7 10. Nc3 b5 11. Qe2 Qe7 12. g3 Qd7 13. Ne5 Qd6 14. Bf4 Qc5 15. Nf3
Bb6 16. Be3 Qe7 17. Bxb6 cxb6 18. Ne5 Qc7 19. f4 c5 20. Qf3 Qb7 21. f5 Bd7 22.
O-O Bc6 23. Rfe1 O-O-O 24. g4 Qc7 25. Nxc6 Qxc6 26. Re2 Nh7 27. h4 Nf6 28. g5
hxg5 29. hxg5 Nd7 30. Qg3 Rde8 31. a3 f6 32. g6 Ne5 33. Nd5 Kb7 34. b3 Qd7 35.
Rh2 Rxh2 36. Qxh2 Nf3+ 37. Kg2 Nxh2 38. Kxh2 Qd6+ 39. Kg2 Rh8 40. Rf1 Qh2+ 41.
Kf3 Rh3+ 42. Kg4 Qg3# 0-1

[Event "Challenge"]
[Site "http://www.queenalice.com/game.php?id=396092"]
[Date "2008.4.30"]
[Round "-"]
[White "christine76"]
[Black "charles31"]
[Result "1-0"]
[WhiteElo "1823"]
[BlackElo "1650"]

1. d4 d5 2. Nf3 Bg4 3. h3 Bxf3 4. exf3 e6 5. Bd3 Nc6 6. c3 Bd6 7. Be3 Nf6 8. Nd2
h6 9. Qc2 a6 10. a3 Nh5 11. g3 f5 12. f4 g5 13. fxg5 hxg5 14. Nf3 f4 15. gxf4
gxf4 16. Bg6+ Kd7 17. Bxh5 Rxh5 18. Bd2 Qf6 19. O-O-O Rah8 20. h4 Kc8 21. Rde1
e5 22. dxe5 Bxe5 23. Reg1 d4 24. Qb3 dxc3 25. Rg8+ Rxg8 26. Qxg8+ Nd8 27. Nxe5
Qxe5 28. Bxc3 Qc5 29. Rd1 Qc6 30. Qxd8# 1-0

[Event "Challenge"]
[Site "http://www.queenalice.com/game.php?id=396158"]
[Date "2008.5.1"]
[Round "-"]
[White "christine76"]
[Black "hendrik"]
[Result "0-1"]
[WhiteElo "1833"]
[BlackElo "2279"]

1. d4 d5 2. Nf3 c6 3. h3 Bf5 4. e3 e6 5. c3 Nf6 6. Nbd2 Nbd7 7. Be2 Bd6 8. Nh2
O-O 9. Nhf3 e5 10. dxe5 Nxe5 11. Nxe5 Bxe5 12. Nf3 Bc7 13. Nd4 Be4 14. f3 Bg3+
15. Kd2 c5 16. fxe4 Nxe4+ 0-1

[Event "Challenge"]
[Site "http://www.queenalice.com/game.php?id=397077"]
[Date "2008.5.2"]
[Round "-"]
[White "elche"]
[Black "christine76"]
[Result "0-1"]
[WhiteElo "1738"]
[BlackElo "1927"]

1. e4 e5 2. Bc4 Nf6 3. d3 h6 4. Nc3 c6 5. Nf3 d6 6. Bd2 Be7 7. O-O Nbd7 8. Nh4
Nxe4 9. Nf5 d5 10. Nxe4 dxc4 11. Ned6+ Bxd6 12. Nxg7+ Kf8 13. Nh5 cxd3 14. Qf3
Be7 15. Qxd3 Nf6 16. Qxd8+ Bxd8 17. Bb4+ Kg8 18. Nxf6+ Bxf6 19. c4 Be6 20. b3
Kg7 21. Bc3 Rhe8 22. f4 exf4 23. Bxf6+ Kxf6 24. Rxf4+ Kg6 25. Raf1 Re7 26. Rf6+
Kg7 27. c5 Rd8 28. R6f2 Red7 29. Ra1 a5 30. h3 Rd5 31. Rc1 Rd1+ 32. Rf1 Rxf1+
33. Rxf1 Rd2 0-1

[Event "Challenge"]
[Site "http://www.queenalice.com/game.php?id=397078"]
[Date "2008.5.2"]
[Round "-"]
[White "christine76"]
[Black "elche"]
[Result "1/2-1/2"]
[WhiteElo "1937"]
[BlackElo "1750"]

1. d4 d5 2. Nf3 Bf5 3. Nbd2 Nf6 4. b3 e6 5. e3 Bb4 6. Be2 O-O 7. O-O c5 8. dxc5
Bxc5 9. Bb2 Nbd7 10. Nd4 Bg6 11. N4f3 Nb6 12. a3 Ne4 13. Nh4 Nxd2 14. Nxg6 fxg6
15. Qxd2 Be7 16. Bg4 Qd6 17. Qc3 Bf6 18. Qb4 Qxb4 19. Bxe6+ Kh8 20. axb4 Bxb2
21. Rad1 Rfd8 22. Bg4 Bc3 23. f4 Bxb4 24. Rd4 Bc5 25. Rd3 d4 26. e4 Rf8 27. g3
a5 28. Kg2 h5 29. Bf3 a4 30. bxa4 Nxa4 31. e5 Nc3 32. Bxb7 Rab8 33. Bf3 Rb2 34.
Rf2 Re8 35. h4 Kh7 36. g4 hxg4 37. Bxg4 Ne4 38. Re2 Nc3 39. Rf2 Ne4 40. Re2
1/2-1/2

[Event "Challenge"]
[Site "http://www.queenalice.com/game.php?id=400642"]
[Date "2008.5.9"]
[Round "-"]
[White "christine76"]
[Black "tewald"]
[Result "1-0"]
[WhiteElo "1929"]
[BlackElo "1800"]

1. d4 Nf6 2. Nf3 g6 3. c3 Bg7 4. Bg5 d6 5. Nbd2 Nbd7 6. e4 O-O 7. Bd3 b6 8. Nf1
Bb7 9. Qc2 h6 10. Bd2 e5 11. d5 Nc5 12. b4 Nxd3+ 13. Qxd3 c5 14. bxc5 bxc5 15.
c4 Qd7 16. Qc2 a5 17. a4 Qc7 18. Ne3 Qd7 19. h3 Nh7 20. Nh4 Bf6 21. Nf3 Bg7 22.
Nh4 Bc8 23. Rb1 Qc7 24. Nd1 Bf6 25. Nf3 Kg7 26. Nc3 Be7 27. Nb5 Qd7 28. Rb3 Qd8
29. Qc1 Ng5 30. Nxg5 Bxg5 31. Bxg5 hxg5 32. g4 f5 33. gxf5 gxf5 34. Rg3 Kg6 35.
exf5+ Rxf5 36. h4 Qf6 37. hxg5 Rxg5 38. Rxg5+ Kf7 39. Rh7+ Kf8 40. Rgh5 Ra6 41.
Rh8+ 1-0

[Event "Challenge"]
[Site "http://www.queenalice.com/game.php?id=400643"]
[Date "2008.5.9"]
[Round "-"]
[White "tewald"]
[Black "christine76"]
[Result "0-1"]
[WhiteElo "1800"]
[BlackElo "1942"]

1. e4 e6 2. f4 d5 3. e5 c5 4. c3 b6 5. d4 cxd4 6. cxd4 Ne7 7. g3 Nbc6 8. Nf3 Nf5
9. Bg2 Bb7 10. O-O Rc8 11. Nc3 h6 12. a3 a6 13. b4 b5 14. Ne2 Qb6 15. Bb2 Ne3
16. Qd3 Nxf1 17. Kxf1 Be7 18. Bc3 g6 19. Qd2 Ra8 20. a4 Kd7 21. a5 Qd8 22. Ne1
Qf8 23. Nc1 Bxb4 24. Ned3 Be7 25. Nb3 Qd8 26. Ndc5+ Kc7 27. Qc2 Rc8 28. Nxb7
Kxb7 29. Qf2 Ka7 30. Kg1 h5 31. Rb1 h4 32. Nc5 hxg3 33. Qxg3 Nb8 34. Bb4 Nc6 35.
Kh1 Nxb4 36. Rxb4 Bxc5 37. dxc5 Rxc5 38. h3 Qxa5 39. Rb1 Rhc8 40. Qe3 Kb8 41.
Qg1 Qa3 42. Ra1 Qxa1 0-1

[Event "Challenge"]
[Site "http://www.queenalice.com/game.php?id=400654"]
[Date "2008.5.9"]
[Round "-"]
[White "christine76"]
[Black "Rafaelpimentel"]
[Result "1/2-1/2"]
[WhiteElo "1938"]
[BlackElo "2055"]

1. d4 Nf6 2. Nf3 e6 3. c3 c5 4. e3 b6 5. Nbd2 Bb7 6. Be2 Be7 7. O-O d5 8. Re1
O-O 9. b3 Nc6 10. Bb2 Rc8 11. Rc1 Ne4 12. Nxe4 dxe4 13. Nd2 f5 14. dxc5 Bxc5 15.
b4 Bd6 16. Nc4 Bb8 17. Qxd8 Rfxd8 18. a4 Ne7 19. Red1 Bd5 20. Na3 Bb3 21. Rxd8+
Rxd8 22. Bc4 Bxa4 23. Bxe6+ Kf8 24. Nb1 Be5 25. g3 g6 26. Bc4 b5 27. Be2 Kf7 28.
Kf1 Nc6 29. Ba3 a5 30. Ke1 Ke6 31. Nd2 Bxc3 32. Rxc3 axb4 33. Rxc6+ Kd5 34. Bxb4
Kxc6 35. Nb1 Bc2 36. Na3 Bd3 37. Bd1 Ra8 38. f3 Re8 39. f4 Ra8 40. Bb3 Ra7 41.
Kd2 Rd7 42. Ke1 Ra7 43. Kd2 Ra8 44. Ke1 Rd8 45. Be7 Rd7 46. Bb4 Rb7 47. Kd2 Ra7
1/2-1/2

[Event "Challenge"]
[Site "http://www.queenalice.com/game.php?id=400655"]
[Date "2008.5.9"]
[Round "-"]
[White "Rafaelpimentel"]
[Black "christine76"]
[Result "1-0"]
[WhiteElo "2030"]
[BlackElo "1940"]

1. Nf3 d5 2. b3 e6 3. Bb2 Nd7 4. e3 Ngf6 5. Be2 Be7 6. d4 O-O 7. Nbd2 b6 8. O-O
Bb7 9. Rc1 a5 10. c4 c6 11. Ne5 Nxe5 12. dxe5 Nd7 13. f4 f5 14. Nf3 Bc8 15. Nd4
Nb8 16. cxd5 cxd5 17. Qc2 Bc5 18. Bf3 Bd7 19. Qe2 Qe8 20. a4 Na6 21. Rfd1 Nc7
22. Kh1 Qe7 23. g3 Rfd8 24. h4 Be8 25. Kg2 Bxd4 26. Bxd4 Qb4 27. Rxc7 Qxb3 28.
Rdc1 b5 29. axb5 Qxb5 30. Qxb5 Bxb5 31. Re7 Rac8 32. Rcc7 Rxc7 33. Rxc7 Ra8 34.
Ra7 Rc8 35. Rxa5 Rc2+ 36. Kg1 Rc1+ 37. Kf2 Rf1+ 38. Kg2 Rb1 39. Ra8+ Kf7 40.
Ra7+ Kg8 41. Re7 Rc1 42. Rxe6 Rc2+ 43. Kg1 Rc1+ 44. Kf2 Rc2+ 45. Ke1 1-0

[Event "Challenge"]
[Site "http://www.queenalice.com/game.php?id=400692"]
[Date "2008.5.9"]
[Round "-"]
[White "christine76"]
[Black "Mikalus"]
[Result "1-0"]
[WhiteElo "1862"]
[BlackElo "1826"]

1. d4 d5 2. Nf3 e6 3. e3 Nf6 4. Nbd2 c5 5. dxc5 Bxc5 6. b3 Nc6 7. c3 e5 8. b4
Bb6 9. Be2 e4 10. Nb3 exf3 11. Bxf3 Be6 12. Nd4 Nxd4 13. cxd4 a5 14. b5 Bd7 15.
a4 Qc8 16. O-O Bc7 17. Ba3 Bg4 18. Rc1 Qd7 19. Bxg4 Nxg4 20. g3 Nf6 21. Qc2 Rc8
22. b6 1-0

[Event "Challenge"]
[Site "http://www.queenalice.com/game.php?id=400693"]
[Date "2008.5.9"]
[Round "-"]
[White "Mikalus"]
[Black "christine76"]
[Result "0-1"]
[WhiteElo "1809"]
[BlackElo "1883"]

1. c4 e6 2. Nc3 d5 3. cxd5 exd5 4. d4 Nf6 5. Bg5 Be7 6. Nf3 c6 7. e3 h6 8. Bh4
Be6 9. Ne5 Nbd7 10. Bd3 Nxe5 11. dxe5 Nd7 12. Bxe7 Qxe7 13. Qf3 Nxe5 14. Qe2
Nxd3+ 15. Qxd3 O-O 16. O-O-O Rfd8 17. f4 Bg4 18. Rde1 Qf6 19. h3 Bf5 20. Qd2 Qh4
21. g4 Bd7 22. Qg2 Qe7 23. h4 Qc5 24. Qf3 Re8 25. f5 Re5 26. Qf4 Rae8 27. Rh3 d4
0-1

[Event "Challenge"]
[Site "http://www.queenalice.com/game.php?id=400744"]
[Date "2008.5.10"]
[Round "-"]
[White "Xavier"]
[Black "christine76"]
[Result "0-1"]
[WhiteElo "1788"]
[BlackElo "1914"]

1. c4 Nf6 2. Nc3 e5 3. d4 exd4 4. Qxd4 c5 5. Qe3+ Be7 6. Nd5 Nxd5 7. cxd5 d6 8.
Nf3 h6 9. Bd2 Nd7 10. Bc3 f6 0-1

[Event "Challenge"]
[Site "http://www.queenalice.com/game.php?id=407475"]
[Date "2008.5.24"]
[Round "-"]
[White "SalsaQueen"]
[Black "christine76"]
[Result "1/2-1/2"]
[WhiteElo "1656"]
[BlackElo "1952"]

1. d4 Nf6 2. Nc3 e6 3. a3 d5 4. e3 a6 5. Nf3 Nbd7 6. h3 Be7 7. Ne5 c6 8. Nxd7
Qxd7 9. Bd3 c5 10. f3 c4 11. Be2 b5 12. b4 Bd6 13. f4 Nh5 14. Bxh5 g6 15. Bg4 h5
16. Bf3 Qe7 17. Qe2 Qh4+ 18. Qf2 Qxf2+ 19. Kxf2 1/2-1/2

[Event "Challenge"]
[Site "http://www.queenalice.com/game.php?id=409261"]
[Date "2008.5.27"]
[Round "-"]
[White "vasileC"]
[Black "christine76"]
[Result "0-1"]
[WhiteElo "1868"]
[BlackElo "1928"]

1. c4 Nf6 2. f3 b6 3. d3 e5 4. Bg5 d6 5. Qd2 Be7 6. h4 Nbd7 7. Nc3 Bb7 8. O-O-O
h6 9. Bxf6 Nxf6 10. e4 Nh5 11. Qf2 Nf4 12. g3 Ne6 13. Kb1 Nd4 14. Nce2 c5 15.
Nxd4 cxd4 16. Bh3 Bc8 17. Bxc8 Qxc8 18. g4 b5 19. cxb5 Rb8 20. a4 Qe6 21. Ne2
Qb3 22. Nc1 Qxa4 23. Qc2 Qxb5 24. Rd2 a5 25. Rdh2 g6 26. g5 h5 27. Qc7 Qb6 28.
Rc2 Qxc7 29. Rxc7 Bd8 30. Rc6 Rb6 31. Rc8 O-O 32. Na2 Rb3 33. Nc1 Rb5 34. Rh2 a4
35. Rhc2 Be7 36. Rxf8+ Kxf8 37. Rc8+ Kg7 38. Ra8 Rb4 39. Na2 Rb3 40. Kc2 f6 41.
Rxa4 Rb7 42. Nb4 fxg5 43. hxg5 Bxg5 44. Nd5 h4 45. Ra6 Rf7 46. Rxd6 h3 47. b4 h2
48. b5 h1=Q 49. b6 Qc1+ 50. Kb3 Qc5 51. Re6 Bf6 52. Ka4 Qc8 53. Kb5 Qxe6 54. Nc7
Qb3+ 55. Ka6 Qxd3+ 56. Ka7 Qa3+ 57. Kb8 Rxc7 58. bxc7 Qc3 59. c8=Q Qxc8+ 0-1

[Event "Challenge"]
[Site "http://www.queenalice.com/game.php?id=409262"]
[Date "2008.5.27"]
[Round "-"]
[White "christine76"]
[Black "vasileC"]
[Result "1/2-1/2"]
[WhiteElo "1942"]
[BlackElo "1854"]

1. d4 d5 2. Nf3 f6 3. c4 e6 4. e3 c6 5. a3 Bd6 6. Nc3 Ne7 7. c5 Bc7 8. Bd2 O-O
9. a4 a5 10. Bd3 Na6 11. Na2 e5 12. Be2 e4 13. Ng1 Be6 14. h4 h6 15. Qc2 Ng6 16.
Bh5 Ne7 17. f4 f5 18. Be2 Bf7 19. Nh3 Ng6 20. g3 Qd7 21. Qb3 Rab8 22. Qc2 Qd8
23. b4 axb4 24. Nxb4 Nxb4 25. Bxb4 Ba5 26. Bxa5 Qxa5+ 27. Qd2 b6 28. Qxa5 bxa5
29. Kf2 Rb2 30. Rhb1 Rfb8 31. Rxb2 Rxb2 32. Ke1 Rb3 33. Kf2 Rb2 34. Ke1 Rb3 35.
Kf2 Ne7 36. Bd1 Rb2+ 37. Kg1 Rd2 38. Rb1 Ng6 39. Kf1 Rd3 40. Kf2 Rd2+ 41. Kg1
Rd3 42. Kf2 Rd2+ 43. Kg1 Rd3 44. Kf2 Nf8 45. Be2 Rd2 46. Rb6 Bh5 47. Ng1 Be8 48.
Ra6 Ra2 49. Rxa5 Bd7 50. Ra7 Kf7 51. a5 Ke7 52. a6 Ne6 53. Rb7 Nd8 54. Rb3 Bc8
55. Rb8 Kd7 56. Rb6 Kc7 57. Kf1 Ra1+ 58. Kf2 Ra2 59. Kf1 Ra1+ 60. Kf2 Ra2
1/2-1/2

[Event "Challenge"]
[Site "http://www.queenalice.com/game.php?id=428204"]
[Date "2008.7.5"]
[Round "-"]
[White "christine76"]
[Black "The_Hand_of_God"]
[Result "0-1"]
[WhiteElo "1870"]
[BlackElo "1932"]

1. d4 Nf6 2. Nf3 b6 3. e3 e6 4. Bd3 Bb7 5. Nbd2 c5 6. c3 d5 7. O-O c4 8. Bc2 Bd6
9. Re1 O-O 10. e4 dxe4 11. Bxe4 Nxe4 12. Nxe4 Bd5 13. Nxd6 Qxd6 14. Be3 Nd7 15.
Bd2 Rae8 16. Ne5 f6 17. Nxd7 Qxd7 18. f3 Kh8 19. Qc2 Qd6 20. Rf1 e5 21. dxe5
Qc5+ 22. Kh1 Rxe5 23. Bf4 Re6 24. Qf2 Qxf2 25. Rxf2 Rfe8 26. Rff1 Re2 27. Rab1
g5 28. Bg3 g4 0-1

[Event "Challenge"]
[Site "http://www.queenalice.com/game.php?id=428205"]
[Date "2008.7.5"]
[Round "-"]
[White "The_Hand_of_God"]
[Black "christine76"]
[Result "1-0"]
[WhiteElo "1917"]
[BlackElo "1885"]

1. d4 d5 2. c4 e6 3. Nc3 Nf6 4. Bg5 Be7 5. Nf3 c6 6. e3 Nbd7 7. Rc1 h6 8. Bh4
dxc4 9. Bxc4 Nd5 10. Bxe7 Qxe7 11. O-O N7f6 12. e4 Nb6 13. Bb3 O-O 14. e5 Nfd5
15. Nd2 Bd7 16. Nde4 a5 17. Nc5 Bc8 18. N3e4 Nd7 19. Nxd7 Bxd7 20. Bxd5 exd5 21.
Nd6 b5 22. f4 Rac8 23. Qd2 Ra8 24. b4 a4 25. a3 Ra7 26. Rf3 1-0

[Event "Challenge"]
[Site "http://www.queenalice.com/game.php?id=428240"]
[Date "2008.7.6"]
[Round "-"]
[White "christine76"]
[Black "luizantoniosetti"]
[Result "0-1"]
[WhiteElo "1912"]
[BlackElo "1977"]

1. d4 f5 2. Nf3 Nf6 3. e3 g6 4. Bd3 Bg7 5. c3 O-O 6. Nbd2 c6 7. O-O d6 8. Re1
Qc7 9. e4 fxe4 10. Nxe4 Nxe4 11. Bxe4 d5 12. Bd3 Bg4 13. Be2 Qd6 14. Be3 Nd7 15.
Qc2 Rae8 16. Qd2 Bxf3 17. Bxf3 e5 18. dxe5 Nxe5 19. Be2 a6 20. Bf4 Qf6 21. Be3
Re6 22. Rf1 Qh4 23. Bg5 Nc4 24. Bxh4 Nxd2 25. Rfe1 Rfe8 26. Bg5 Nc4 27. b3 Bxc3
28. Rec1 Rxe2 0-1

[Event "Challenge"]
[Site "http://www.queenalice.com/game.php?id=428241"]
[Date "2008.7.6"]
[Round "-"]
[White "luizantoniosetti"]
[Black "christine76"]
[Result "1-0"]
[WhiteElo "1962"]
[BlackElo "1943"]

1. e4 c6 2. d4 d5 3. exd5 cxd5 4. c4 dxc4 5. Bxc4 e6 6. Nc3 a6 7. Be3 b5 8. Qf3
Ra7 9. d5 Bb7 10. Bxa7 bxc4 11. Rd1 Nd7 12. Qe2 Qa8 13. dxe6 Ndf6 14. Nh3 Qxa7
15. Ng5 fxe6 16. Qxe6+ Be7 17. Qf7# 1-0

[Event "Challenge"]
[Site "http://www.queenalice.com/game.php?id=428264"]
[Date "2008.7.6"]
[Round "-"]
[White "christine76"]
[Black "Fauquinelle"]
[Result "0-1"]
[WhiteElo "1899"]
[BlackElo "1944"]

1. d4 Nf6 2. Nf3 e6 3. e3 b6 4. Nbd2 Ba6 5. c4 c5 6. dxc5 Bxc5 7. b3 Nc6 8. Bb2
O-O 9. Bd3 d5 10. O-O dxc4 11. Bxc4 Bxc4 12. Nxc4 Qxd1 13. Rfxd1 Rad8 14. Bxf6
gxf6 15. Kf1 e5 16. Nh4 Ne7 17. Nf3 e4 18. Nd4 Bxd4 19. exd4 Nd5 20. Rac1 Rd7
21. Ne3 Rfd8 22. Nxd5 Rxd5 23. Rc7 R8d7 24. Rxd7 Rxd7 25. Ke2 f5 26. Ke3 Kg7 27.
Rc1 Kg6 28. Rc6+ f6 29. g3 h5 30. h4 f4+ 31. gxf4 Kf5 32. Rc8 Rd6 33. Rh8 Kg4
34. Rg8+ Kxh4 0-1

[Event "Challenge"]
[Site "http://www.queenalice.com/game.php?id=428265"]
[Date "2008.7.6"]
[Round "-"]
[White "Fauquinelle"]
[Black "christine76"]
[Result "1-0"]
[WhiteElo "1928"]
[BlackElo "1928"]

1. e4 e5 2. Nf3 Nc6 3. Bb5 a6 4. Ba4 Nf6 5. O-O b5 6. Bb3 h6 7. d4 d6 8. dxe5
dxe5 9. Qxd8+ Nxd8 10. Nc3 Bd6 11. a4 b4 12. Nd5 Nxd5 13. Bxd5 Rb8 14. b3 c6 15.
Bc4 O-O 16. Bb2 Re8 17. h3 a5 18. Rad1 Bc7 19. Rd2 Bb7 20. Rfd1 Bc8 21. c3 c5
22. cxb4 cxb4 23. Rc2 Re7 24. Rdc1 Bb7 25. Bd5 Bxd5 26. exd5 Bd6 27. Nh4 Ra7 28.
Nf5 Rd7 29. Nxd6 1-0